000 00764nam a2200193 a 4500
003 0
005 20250515085827.0
008 970101s19uu xx 00 eng d
050 _aPHS HF 5548.85
_b.D54 2004
100 _aDierickx, Asha Maayke H.
245 _aA Study on flight stress and its effects on female flight attendants of Philippine Airlines /
_cAsha Maayke H. Dierckx.
260 _aLas PiƱas City, Philippines :
_bSouthville International School and Colleges,
_c2004.
300 _a38 pages :
_billustrations ;
_c28 cm.
504 _aIncludes bibliographical references.
650 _aFlight attendants
_xJob stress
_zPhilippines.
650 _aWomen
_xEmployment
_zPhilippines.
650 _aAeronautics
_xEmployees
_vMental health.
942 _2lcc
_cPASS
999 _c97110
_d97110